<?xml version="1.0" encoding="UTF-8"?>
<record
    xmlns:xsi="http://www.w3.org/2001/XMLSchema-instance"
    xsi:schemaLocation="http://www.loc.gov/MARC21/slim http://www.loc.gov/standards/marcxml/schema/MARC21slim.xsd"
    xmlns="http://www.loc.gov/MARC21/slim">

  <leader>00981cam a2200277   4500</leader>
  <controlfield tag="008">071011s2002    mx            000 0 spa u</controlfield>
  <datafield tag="020" ind1=" " ind2=" ">
    <subfield code="a">9685409099 (O.C.)</subfield>
  </datafield>
  <datafield tag="020" ind1=" " ind2=" ">
    <subfield code="a">9685409021 (v.1)</subfield>
  </datafield>
  <datafield tag="020" ind1=" " ind2=" ">
    <subfield code="a">9685409072 (v.2)</subfield>
  </datafield>
  <datafield tag="020" ind1=" " ind2=" ">
    <subfield code="a">9685409080 (v.3)</subfield>
  </datafield>
  <datafield tag="035" ind1=" " ind2=" ">
    <subfield code="a">a465423</subfield>
  </datafield>
  <datafield tag="050" ind1="0" ind2="4">
    <subfield code="a">KGF185 </subfield>
    <subfield code="b">C53 2002</subfield>
  </datafield>
  <datafield tag="245" ind1="0" ind2="0">
    <subfield code="a">Cl&#xE1;sicos de la filosof&#xED;a del derecho</subfield>
  </datafield>
  <datafield tag="250" ind1=" " ind2=" ">
    <subfield code="a">3a. ed.</subfield>
  </datafield>
  <datafield tag="260" ind1=" " ind2=" ">
    <subfield code="a">M&#xE9;xico: </subfield>
    <subfield code="b">IURE, </subfield>
    <subfield code="c">2002</subfield>
  </datafield>
  <datafield tag="300" ind1=" " ind2=" ">
    <subfield code="a">V. :</subfield>
    <subfield code="b">il. ; </subfield>
    <subfield code="c">28 cm.</subfield>
  </datafield>
  <datafield tag="504" ind1=" " ind2=" ">
    <subfield code="a">Incluye &#xED;ndice</subfield>
  </datafield>
  <datafield tag="505" ind1="0" ind2="0">
    <subfield code="a">Contenido: </subfield>
    <subfield code="g">V.1 </subfield>
    <subfield code="t">El arte del derecho y otras meditaciones /</subfield>
    <subfield code="r">Eduardo J. Couture-- </subfield>
    <subfield code="g">V.2 </subfield>
    <subfield code="t">metodolog&#xED;a del derecho /</subfield>
    <subfield code="r"> Francesco Carnelutti.-- </subfield>
    <subfield code="g">V.3 </subfield>
    <subfield code="t">Arte del derecho /</subfield>
    <subfield code="r">Francesco Carnelutti.</subfield>
  </datafield>
  <datafield tag="506" ind1=" " ind2=" ">
    <subfield code="a">PIFI 3.2</subfield>
  </datafield>
  <datafield tag="650" ind1=" " ind2="4">
    <subfield code="a">Derecho </subfield>
    <subfield code="x">Metodolog&#xED;a </subfield>
    <subfield code="z">M&#xE9;xico</subfield>
  </datafield>
  <datafield tag="650" ind1=" " ind2="4">
    <subfield code="a">Estudio del derecho </subfield>
    <subfield code="z">M&#xE9;xico</subfield>
  </datafield>
  <datafield tag="650" ind1=" " ind2="4">
    <subfield code="a">Derecho </subfield>
    <subfield code="x">Filosof&#xED;a </subfield>
    <subfield code="z">M&#xE9;xico</subfield>
  </datafield>
  <datafield tag="700" ind1="1" ind2=" ">
    <subfield code="a">Couture, Eduardo J., coaut</subfield>
  </datafield>
  <datafield tag="700" ind1="1" ind2=" ">
    <subfield code="a">Carnelutti, Francesco, coaut.</subfield>
  </datafield>
  <datafield tag="942" ind1=" " ind2=" ">
    <subfield code="2">lcc</subfield>
    <subfield code="c">LIB</subfield>
  </datafield>
  <datafield tag="999" ind1=" " ind2=" ">
    <subfield code="c">126079</subfield>
    <subfield code="d">126079</subfield>
  </datafield>
  <datafield tag="952" ind1=" " ind2=" ">
    <subfield code="1">0</subfield>
    <subfield code="2">lcc</subfield>
    <subfield code="4">0</subfield>
    <subfield code="7">0</subfield>
    <subfield code="a">UCIH</subfield>
    <subfield code="b">UCIH</subfield>
    <subfield code="c">GENERAL</subfield>
    <subfield code="d">2017-02-08</subfield>
    <subfield code="f">1a.ed.</subfield>
    <subfield code="h">BCU000017338</subfield>
    <subfield code="k">CSA</subfield>
    <subfield code="o">KGF185 C53 2002 V.1</subfield>
    <subfield code="p">BCU000017338</subfield>
    <subfield code="r">2017-02-08 00:00:00</subfield>
    <subfield code="t">1</subfield>
    <subfield code="y">LIB</subfield>
  </datafield>
  <datafield tag="952" ind1=" " ind2=" ">
    <subfield code="1">0</subfield>
    <subfield code="2">lcc</subfield>
    <subfield code="4">0</subfield>
    <subfield code="7">0</subfield>
    <subfield code="a">UCIH</subfield>
    <subfield code="b">UCIH</subfield>
    <subfield code="c">GENERAL</subfield>
    <subfield code="d">2017-02-08</subfield>
    <subfield code="f">1a.ed.</subfield>
    <subfield code="h">BCU000017339</subfield>
    <subfield code="k">CSA</subfield>
    <subfield code="o">KGF185 C53 2002 V.1</subfield>
    <subfield code="p">BCU000017339</subfield>
    <subfield code="r">2017-02-08 00:00:00</subfield>
    <subfield code="t">2</subfield>
    <subfield code="y">LIB</subfield>
  </datafield>
  <datafield tag="952" ind1=" " ind2=" ">
    <subfield code="1">0</subfield>
    <subfield code="2">lcc</subfield>
    <subfield code="4">0</subfield>
    <subfield code="7">0</subfield>
    <subfield code="a">UCIH</subfield>
    <subfield code="b">UCIH</subfield>
    <subfield code="c">GENERAL</subfield>
    <subfield code="d">2017-02-08</subfield>
    <subfield code="f">1a. ed.</subfield>
    <subfield code="h">BCU000017340</subfield>
    <subfield code="k">CSA</subfield>
    <subfield code="o">KGF185 C53 2002 V.1</subfield>
    <subfield code="p">BCU000017340</subfield>
    <subfield code="r">2017-02-08 00:00:00</subfield>
    <subfield code="t">3</subfield>
    <subfield code="y">LIB</subfield>
  </datafield>
  <datafield tag="952" ind1=" " ind2=" ">
    <subfield code="1">0</subfield>
    <subfield code="2">lcc</subfield>
    <subfield code="4">0</subfield>
    <subfield code="7">0</subfield>
    <subfield code="a">UCIH</subfield>
    <subfield code="b">UCIH</subfield>
    <subfield code="c">GENERAL</subfield>
    <subfield code="d">2017-02-08</subfield>
    <subfield code="f">1a. ed.</subfield>
    <subfield code="h">BCU000017341</subfield>
    <subfield code="k">CSA</subfield>
    <subfield code="o">KGF185 C53 2002 V.1</subfield>
    <subfield code="p">BCU000017341</subfield>
    <subfield code="r">2017-02-08 00:00:00</subfield>
    <subfield code="t">4</subfield>
    <subfield code="y">LIB</subfield>
  </datafield>
  <datafield tag="952" ind1=" " ind2=" ">
    <subfield code="1">0</subfield>
    <subfield code="2">lcc</subfield>
    <subfield code="4">0</subfield>
    <subfield code="7">0</subfield>
    <subfield code="a">UCIH</subfield>
    <subfield code="b">UCIH</subfield>
    <subfield code="c">GENERAL</subfield>
    <subfield code="d">2017-02-08</subfield>
    <subfield code="f">1a. ed.</subfield>
    <subfield code="h">BCU000017342</subfield>
    <subfield code="k">CSA</subfield>
    <subfield code="o">KGF185 C53 2002 V.2</subfield>
    <subfield code="p">BCU000017342</subfield>
    <subfield code="r">2017-02-08 00:00:00</subfield>
    <subfield code="t">1</subfield>
    <subfield code="y">LIB</subfield>
  </datafield>
  <datafield tag="952" ind1=" " ind2=" ">
    <subfield code="1">0</subfield>
    <subfield code="2">lcc</subfield>
    <subfield code="4">0</subfield>
    <subfield code="7">0</subfield>
    <subfield code="a">UCIH</subfield>
    <subfield code="b">UCIH</subfield>
    <subfield code="c">GENERAL</subfield>
    <subfield code="d">2017-02-08</subfield>
    <subfield code="f">1a. ed.</subfield>
    <subfield code="h">BCU000017343</subfield>
    <subfield code="k">CSA</subfield>
    <subfield code="o">KGF185 C53 2002 V.2</subfield>
    <subfield code="p">BCU000017343</subfield>
    <subfield code="r">2017-02-08 00:00:00</subfield>
    <subfield code="t">2</subfield>
    <subfield code="y">LIB</subfield>
  </datafield>
  <datafield tag="952" ind1=" " ind2=" ">
    <subfield code="1">0</subfield>
    <subfield code="2">lcc</subfield>
    <subfield code="4">0</subfield>
    <subfield code="7">0</subfield>
    <subfield code="a">UCIH</subfield>
    <subfield code="b">UCIH</subfield>
    <subfield code="c">GENERAL</subfield>
    <subfield code="d">2017-02-08</subfield>
    <subfield code="f">1a. ed. </subfield>
    <subfield code="h">BCU000017344</subfield>
    <subfield code="k">CSA</subfield>
    <subfield code="o">KGF185 C53 2002 V.2</subfield>
    <subfield code="p">BCU000017344</subfield>
    <subfield code="r">2017-02-08 00:00:00</subfield>
    <subfield code="t">3</subfield>
    <subfield code="y">LIB</subfield>
  </datafield>
  <datafield tag="952" ind1=" " ind2=" ">
    <subfield code="1">0</subfield>
    <subfield code="2">lcc</subfield>
    <subfield code="4">0</subfield>
    <subfield code="7">0</subfield>
    <subfield code="a">UCIH</subfield>
    <subfield code="b">UCIH</subfield>
    <subfield code="c">GENERAL</subfield>
    <subfield code="d">2017-02-08</subfield>
    <subfield code="f">1a. ed.</subfield>
    <subfield code="h">BCU000017345</subfield>
    <subfield code="k">CSA</subfield>
    <subfield code="o">KGF185 C53 2002 V.2</subfield>
    <subfield code="p">BCU000017345</subfield>
    <subfield code="r">2017-02-08 00:00:00</subfield>
    <subfield code="t">4</subfield>
    <subfield code="y">LIB</subfield>
  </datafield>
  <datafield tag="952" ind1=" " ind2=" ">
    <subfield code="1">0</subfield>
    <subfield code="2">lcc</subfield>
    <subfield code="4">0</subfield>
    <subfield code="7">0</subfield>
    <subfield code="a">UCIH</subfield>
    <subfield code="b">UCIH</subfield>
    <subfield code="c">GENERAL</subfield>
    <subfield code="d">2017-02-08</subfield>
    <subfield code="f">1a. ed. </subfield>
    <subfield code="h">BCU000017346</subfield>
    <subfield code="k">CSA</subfield>
    <subfield code="o">KGF185 C53 2002 V.3</subfield>
    <subfield code="p">BCU000017346</subfield>
    <subfield code="r">2017-02-08 00:00:00</subfield>
    <subfield code="t">1</subfield>
    <subfield code="y">LIB</subfield>
  </datafield>
  <datafield tag="952" ind1=" " ind2=" ">
    <subfield code="1">0</subfield>
    <subfield code="2">lcc</subfield>
    <subfield code="4">0</subfield>
    <subfield code="7">0</subfield>
    <subfield code="a">UCIH</subfield>
    <subfield code="b">UCIH</subfield>
    <subfield code="c">GENERAL</subfield>
    <subfield code="d">2017-02-08</subfield>
    <subfield code="f">1a. ed.</subfield>
    <subfield code="h">BCU000017347</subfield>
    <subfield code="k">CSA</subfield>
    <subfield code="o">KGF185 C53 2002 V.3</subfield>
    <subfield code="p">BCU000017347</subfield>
    <subfield code="r">2017-02-08 00:00:00</subfield>
    <subfield code="t">2</subfield>
    <subfield code="y">LIB</subfield>
  </datafield>
  <datafield tag="952" ind1=" " ind2=" ">
    <subfield code="1">0</subfield>
    <subfield code="2">lcc</subfield>
    <subfield code="4">0</subfield>
    <subfield code="7">0</subfield>
    <subfield code="a">UCIH</subfield>
    <subfield code="b">UCIH</subfield>
    <subfield code="c">GENERAL</subfield>
    <subfield code="d">2017-02-08</subfield>
    <subfield code="f">1a. ed.</subfield>
    <subfield code="h">BCU000017348</subfield>
    <subfield code="k">CSA</subfield>
    <subfield code="o">KGF185 C53 2002</subfield>
    <subfield code="p">BCU000017348</subfield>
    <subfield code="r">2017-02-08 00:00:00</subfield>
    <subfield code="t">3</subfield>
    <subfield code="y">LIB</subfield>
  </datafield>
  <datafield tag="952" ind1=" " ind2=" ">
    <subfield code="1">0</subfield>
    <subfield code="2">lcc</subfield>
    <subfield code="4">0</subfield>
    <subfield code="7">0</subfield>
    <subfield code="a">UCIH</subfield>
    <subfield code="b">UCIH</subfield>
    <subfield code="c">GENERAL</subfield>
    <subfield code="d">2017-02-08</subfield>
    <subfield code="f">1a. ed.</subfield>
    <subfield code="h">BCU000017349</subfield>
    <subfield code="k">CSA</subfield>
    <subfield code="o">KGF185 C53 2002 V.3</subfield>
    <subfield code="p">BCU000017349</subfield>
    <subfield code="r">2017-02-08 00:00:00</subfield>
    <subfield code="t">4</subfield>
    <subfield code="y">LIB</subfield>
  </datafield>
</record>
